[Event "Benidorm 2013 - Torneo sub2000"]
[Site "Benidorm ESP"]
[Date "2013.11.29"]
[Round "1.78"]
[White "Acebal Muniz, Julio Alberto"]
[Black "Larranaga Aldalur, Jose Joaqui"]
[Result "0-1"]
[WhiteElo "1593"]
[BlackElo "1902"]
[PlyCount "24"]
[EventDate "2013.11.29"]
[EventRounds "10"]
[EventCountry "ESP"]
[Source "lmi"]
[SourceDate "2013.11.29"]

1. e4 e5 2. Nf3 d5 3. d3 dxe4 4. dxe4 Qxd1+ 5. Kxd1 Bg4 6. Be2 Nc6 7. Be3
O-O-O+ 8. Nbd2 h6 9. c3 f5 10. h3 Bxf3 11. Rg1 Bxe2+ 12. Kxe2 f4 0-1

[Event "Benidorm 2013 - Torneo sub2000"]
[Site "Benidorm ESP"]
[Date "2013.11.29"]
[Round "1.80"]
[White "Del Amo Delgado, Pedro"]
[Black "Young, Mel J"]
[Result "0-1"]
[WhiteElo "1583"]
[BlackElo "1902"]
[PlyCount "39"]
[EventDate "2013.11.29"]
[EventRounds "10"]
[EventCountry "ESP"]
[Source "lmi"]
[SourceDate "2013.11.29"]

1. d4 c5 2. c3 cxd4 3. cxd4 d5 4. Nc3 e5 5. dxe5 d4 6. Ne4 Qa5+ 7. Bd2 Qxe5 8.
Ng3 Nc6 9. a3 Nf6 10. h3 Bd6 11. Nf3 Qxg3 12. e3 Qg6 13. exd4 O-O 14. Be3 Nd5
15. g3 Re8 16. Ke2 Qe4 17. Qd2 Bd7 18. Bg2 Bxg3 19. Ne1 Nxd4+ 20. Qxd4 0-1

[Event "Benidorm 2013 - Torneo sub2000"]
[Site "Benidorm ESP"]
[Date "2013.11.29"]
[Round "1.82"]
[White "Van Gompel, Hugo"]
[Black "Tirado Parra, Alberto"]
[Result "0-1"]
[WhiteElo "1577"]
[BlackElo "1900"]
[PlyCount "50"]
[EventDate "2013.11.29"]
[EventRounds "10"]
[EventCountry "ESP"]
[Source "lmi"]
[SourceDate "2013.11.29"]

1. d4 d5 2. Bf4 Nf6 3. e3 e6 4. Nd2 c5 5. c3 Nc6 6. Ngf3 Be7 7. Bd3 O-O 8. Ne5
Nd7 9. Qh5 f5 10. g4 Nf6 11. Qh3 Nxe5 12. Bxe5 Nxg4 13. Bxg7 Kxg7 14. Rg1 Bh4
15. Rxg4+ fxg4 16. Qxg4+ Qg5 17. Qxg5+ Bxg5 18. Ke2 Kh8 19. f4 Bf6 20. Rg1 cxd4
21. cxd4 Bd7 22. Rg3 Rg8 23. Rh3 Rg7 24. Nf3 e5 25. dxe5 Bxh3 0-1

[Event "Benidorm 2013 - Torneo sub2000"]
[Site "Benidorm ESP"]
[Date "2013.11.29"]
[Round "1.101"]
[White "Portillo Castellon, Javier"]
[Black "Rodrigo Moli, Josep"]
[Result "1-0"]
[WhiteElo "1877"]
[BlackElo "1517"]
[PlyCount "51"]
[EventDate "2013.11.29"]
[EventRounds "10"]
[EventCountry "ESP"]
[Source "lmi"]
[SourceDate "2013.11.29"]

1. d4 Nf6 2. c4 e6 3. Nc3 Bb4 4. Qc2 Nc6 5. Nf3 O-O 6. a3 Bxc3+ 7. bxc3 d5 8.
e3 h6 9. Bd3 b6 10. cxd5 exd5 11. O-O Bg4 12. Nd2 Re8 13. f3 Be6 14. e4 dxe4
15. fxe4 Nxd4 16. cxd4 Qxd4+ 17. Kh1 Qxa1 18. Bb2 Qxf1+ 19. Nxf1 c5 20. Bxf6
gxf6 21. Qc3 Kg7 22. Ng3 Rad8 23. Nh5+ Kf8 24. Nxf6 Re7 25. Nd5 f6 26. Qxf6+
1-0

[Event "Benidorm 2013 - Torneo sub2000"]
[Site "Benidorm ESP"]
[Date "2013.11.29"]
[Round "1.108"]
[White "Ayza Casamitjana, Antoni"]
[Black "Zapatel Benito, Agustin"]
[Result "1-0"]
[WhiteElo "1869"]
[BlackElo "1506"]
[PlyCount "32"]
[EventDate "2013.11.29"]
[EventRounds "10"]
[EventCountry "ESP"]
[Source "lmi"]
[SourceDate "2013.11.29"]

1. e4 e5 2. Nf3 Nc6 3. Bb5 Nge7 4. O-O a6 5. Ba4 b5 6. Bb3 Na5 7. Nxe5 Nxb3 8.
axb3 Bb7 9. d3 Nc6 10. Ng4 h6 11. Nc3 Bc5 12. Qf3 d6 13. Qg3 g5 14. Nd5 Bd4 15.
c3 Be5 16. Qf3 Kf8 1-0

[Event "Benidorm 2013 - Torneo sub2000"]
[Site "Benidorm ESP"]
[Date "2013.11.30"]
[Round "2.1"]
[White "Morello Ostos, Domingo"]
[Black "Diez Jover, Alberto"]
[Result "1-0"]
[WhiteElo "1998"]
[BlackElo "1890"]
[PlyCount "63"]
[EventDate "2013.11.29"]
[EventRounds "10"]
[EventCountry "ESP"]
[Source "lmi"]
[SourceDate "2013.11.29"]

1. e4 c5 2. Nf3 e6 3. d3 a6 4. g3 b5 5. Bg2 Bb7 6. O-O d6 7. Nbd2 Nc6 8. e5 d5
9. Re1 Nge7 10. h4 Qc7 11. c3 Ng6 12. Qe2 d4 13. h5 Nge7 14. Ne4 Nd5 15. c4
bxc4 16. dxc4 Ndb4 17. Rd1 Nxe5 18. Nxe5 Qxe5 19. Bf4 Qf5 20. a3 d3 21. Qe3 Nc6
22. Qxd3 Rd8 23. Qb3 Ba8 24. Nd6+ Bxd6 25. Rxd6 Rxd6 26. Bxd6 Kd7 27. Rd1 Nd4
28. Qb6 Ne2+ 29. Kf1 Bxg2+ 30. Kxg2 Qe4+ 31. f3 Qc6 32. Bxc5+ 1-0

[Event "Benidorm 2013 - Torneo sub2000"]
[Site "Benidorm ESP"]
[Date "2013.11.30"]
[Round "2.2"]
[White "Gutierrez Abarrategui, Luis"]
[Black "Rizza, Francesco"]
[Result "0-1"]
[WhiteElo "1882"]
[BlackElo "1998"]
[PlyCount "86"]
[EventDate "2013.11.29"]
[EventRounds "10"]
[EventCountry "ESP"]
[Source "lmi"]
[SourceDate "2013.11.29"]

1. f4 g6 2. Nf3 Bg7 3. e4 c5 4. Nc3 Nc6 5. Be2 e6 6. e5 d6 7. exd6 Qxd6 8. d3
Nf6 9. O-O O-O 10. Ne4 Qe7 11. Qe1 b6 12. Nfg5 Nd5 13. Nc3 Ndb4 14. Bd1 Nd4 15.
Rf2 Bb7 16. a3 Nbc6 17. Nf3 Rfd8 18. Kh1 Nf5 19. Rb1 Ncd4 20. Ne4 Nh4 21. Neg5
Nhf5 22. Bd2 h6 23. Ne4 Rd5 24. Nc3 Rdd8 25. Ne4 Nh4 26. Nxd4 Bxd4 27. Be3 Bg7
28. Kg1 c4 29. Be2 Nf5 30. Bd2 Nd4 31. Qd1 Rd7 32. Bc3 Bxe4 33. dxe4 Nf3+ 34.
Rxf3 Rxd1+ 35. Rxd1 Rd8 36. g3 Rxd1+ 37. Bxd1 Qc5+ 38. Kf1 Bxc3 39. Rxc3 Qd4
40. Bf3 b5 41. e5 a5 42. Be2 Qd2 43. a4 Qc1+ 0-1

[Event "Benidorm 2013 - Torneo sub2000"]
[Site "Benidorm ESP"]
[Date "2013.11.30"]
[Round "2.3"]
[White "Pokee, Anne"]
[Black "Pol Guiscafre, David"]
[Result "1/2-1/2"]
[WhiteElo "1882"]
[BlackElo "1997"]
[PlyCount "147"]
[EventDate "2013.11.29"]
[EventRounds "10"]
[EventCountry "ESP"]
[Source "lmi"]
[SourceDate "2013.11.29"]

1. e4 c5 2. Nf3 e6 3. c3 d5 4. exd5 exd5 5. Bb5+ Nc6 6. O-O Bd6 7. d4 Nge7 8.
dxc5 Bxc5 9. b4 Bb6 10. Bg5 f6 11. Bf4 O-O 12. Bd3 Ng6 13. Bg3 Bg4 14. Be2 Re8
15. Nbd2 Kh8 16. b5 Nce7 17. Qa4 Bd7 18. Qb3 Nf5 19. Bd3 Nxg3 20. hxg3 Be6 21.
Qc2 Bf7 22. a4 Rc8 23. Nb3 Ne5 24. a5 Bc5 25. Bf5 Nxf3+ 26. gxf3 Rc7 27. Nxc5
Rxc5 28. Bxh7 Rxb5 29. Kg2 g5 30. Bg6 Kg7 31. Bxf7 Kxf7 32. Qh7+ Ke6 33. c4
dxc4 34. Rad1 Qc8 35. Rfe1+ Re5 36. Rxe5+ fxe5 37. Qg6+ Ke7 38. Qxg5+ Ke6 39.
Qg6+ Ke7 40. Qd6+ Kf7 41. Rh1 Re6 42. Qb4 e4 43. f4 Qc6 44. Rh7+ Kg8 45. Qxb7
Qxb7 46. Rxb7 Rc6 47. Rb2 Kf7 48. Kf1 Ke6 49. Ke2 c3 50. Rb1 Rc5 51. Rc1 Rc4
52. Kd1 Kd5 53. Kc2 Kc5 54. Kb3 Kd4 55. Rd1+ Kc5 56. g4 c2 57. Rc1 Kb5 58. Rxc2
Rd4 59. Kc3 Rd3+ 60. Kb2 Rf3 61. f5 Rf4 62. Rd2 Rxg4 63. Rd5+ Kc6 64. Re5 Rf4
65. Kc3 Kd6 66. Re6+ Kd5 67. Re7 Rxf5 68. Rxa7 Rf3+ 69. Kd2 Rxf2+ 70. Ke3 Rf3+
71. Ke2 Ra3 72. a6 Kd4 73. Rd7+ Kc5 74. Rd1 1/2-1/2

[Event "Benidorm 2013 - Torneo sub2000"]
[Site "Benidorm ESP"]
[Date "2013.11.30"]
[Round "2.4"]
[White "Botelho, Luis Miguel Rodrigu"]
[Black "Trabazos Gallego, Javier"]
[Result "1-0"]
[WhiteElo "1996"]
[BlackElo "1881"]
[PlyCount "66"]
[EventDate "2013.11.29"]
[EventRounds "10"]
[EventCountry "ESP"]
[Source "lmi"]
[SourceDate "2013.11.29"]

1. e4 d5 2. exd5 Nf6 3. d4 Nxd5 4. Nf3 g6 5. c4 Nb6 6. Nc3 Bg7 7. c5 Nd5 8. Bc4
Nxc3 9. bxc3 O-O 10. O-O Nc6 11. Bf4 Bg4 12. Be2 e6 13. Ne5 Bxe2 14. Qxe2 Nxe5
15. Bxe5 Bxe5 16. Qxe5 Qd7 17. Rfe1 Rad8 18. Re3 Qe7 19. h4 c6 20. Rb1 Rd5 21.
Qe4 Rfd8 22. g4 Qxh4 23. Rxb7 Rg5 24. Rg3 Rxc5 25. Qf3 Rg5 26. Qe4 h5 27. Qf4
Rf8 28. Qf3 Rc5 29. Qf4 Rd8 30. Qe4 Rg5 31. Rxa7 Rb8 32. Qf3 Rf8 33. gxh5 Qxh5
1-0

[Event "Benidorm 2013 - Torneo sub2000"]
[Site "Benidorm ESP"]
[Date "2013.11.30"]
[Round "2.5"]
[White "Portillo Castellon, Javier"]
[Black "Paya Prats, Damian"]
[Result "0-1"]
[WhiteElo "1877"]
[BlackElo "1994"]
[PlyCount "93"]
[EventDate "2013.11.29"]
[EventRounds "10"]
[EventCountry "ESP"]
[Source "lmi"]
[SourceDate "2013.11.29"]

1. d4 f5 2. c4 Nf6 3. Nc3 e6 4. Qc2 Bb4 5. Nf3 b6 6. e3 Bb7 7. Be2 O-O 8. O-O
Bxc3 9. bxc3 d6 10. a4 Nbd7 11. a5 Rb8 12. axb6 axb6 13. Rd1 Ne4 14. Nd2 Nxd2
15. Qxd2 Nf6 16. f3 Kh8 17. Ba3 Rg8 18. c5 g5 19. cxd6 cxd6 20. c4 g4 21. d5
gxf3 22. Bxf3 e5 23. Qb4 Ne8 24. Ra2 Qh4 25. Rf2 Bc8 26. Qb2 Rg7 27. c5 Qh6 28.
cxd6 Qxe3 29. Bh5 Nf6 30. Bf3 Nd7 31. Rc1 Ba6 32. Qc3 Qg5 33. Qd2 Qg6 34. Rc7
Rbg8 35. g3 f4 36. g4 Qb1+ 37. Rc1 Qb3 38. Rc3 Qb5 39. h3 h5 40. Be2 Qa5 41.
Bxa6 Qxa6 42. Rg2 Qb5 43. Bb2 Qb4 44. Rc8 Qxd6 45. Rc3 Qb4 46. Qe1 Qd6 47. Rc6
0-1

[Event "Benidorm 2013 - Torneo sub2000"]
[Site "Benidorm ESP"]
[Date "2013.11.30"]
[Round "2.6"]
[White "Ferreruela Romero, Jose Joaqui"]
[Black "Nazarov, Alexander"]
[Result "1-0"]
[WhiteElo "1993"]
[BlackElo "1873"]
[PlyCount "113"]
[EventDate "2013.11.29"]
[EventRounds "10"]
[EventCountry "ESP"]
[Source "lmi"]
[SourceDate "2013.11.29"]

1. c4 c5 2. Nc3 d6 3. g3 Bd7 4. Bg2 Bc6 5. e4 g6 6. Nge2 Bg7 7. d4 Nf6 8. O-O
O-O 9. h3 e5 10. d5 Bd7 11. a3 Qc8 12. Kh2 a6 13. Qd3 Nh5 14. g4 Nf6 15. f4 Ne8
16. f5 f6 17. Be3 g5 18. b4 b6 19. Rab1 a5 20. bxc5 bxc5 21. Rb2 Na6 22. Rfb1
Nec7 23. Nb5 Ne8 24. Nec3 Nac7 25. Na4 Ra6 26. Nxc7 Nxc7 27. Nb6 Qd8 28. Nxd7
Qxd7 29. Rb7 Rc8 30. Qb3 Qe8 31. Bf3 Bf8 32. Bd1 a4 33. Qb2 Be7 34. Kg3 Kg7 35.
Bf3 h6 36. h4 Qg8 37. hxg5 fxg5 38. Rh1 Qf7 39. Qh2 Qf6 40. Rhb1 Qf8 41. Qh1
Qe8 42. R1b2 Bf8 43. Qc1 Kf6 44. Qa1 Be7 45. Qa2 Bf8 46. Qb1 Be7 47. Be2 Bf8
48. Bxc5 dxc5 49. Rxc7 Bd6 50. Rcb7 Rc7 51. R2b5 Ra7 52. Rb8 Rc8 53. R8b6 Qe7
54. Qh1 Qf8 55. Qh5 Ke7 56. Qg6 Kd7 57. Qe6+ 1-0

[Event "Benidorm 2013 - Torneo sub2000"]
[Site "Benidorm ESP"]
[Date "2013.11.30"]
[Round "2.7"]
[White "Cruz Fiallos, Hamilton Tarley"]
[Black "Rodriguez Gomez, Vicente"]
[Result "1-0"]
[WhiteElo "1876"]
[BlackElo "1993"]
[PlyCount "151"]
[EventDate "2013.11.29"]
[EventRounds "10"]
[EventCountry "ESP"]
[Source "lmi"]
[SourceDate "2013.11.29"]

1. e4 e5 2. Nf3 Nc6 3. Bb5 a6 4. Ba4 Nf6 5. O-O b5 6. Bb3 Be7 7. Re1 O-O 8. d4
exd4 9. e5 Ne8 10. Nxd4 Nxd4 11. Qxd4 c5 12. Qe4 Rb8 13. c4 bxc4 14. Bxc4 Bb7
15. Qe2 Nc7 16. Nc3 d5 17. exd6 Bxd6 18. Rd1 Qf6 19. Qg4 Be5 20. Bg5 Qb6 21.
Rab1 Bc8 22. Qf3 Qg6 23. Bf4 Bg4 24. Qg3 Bxf4 25. Qxf4 Ne6 26. Qe5 Bxd1 27.
Rxd1 Qg4 28. b3 Rbd8 29. Rd6 Rxd6 30. Qxd6 Qd4 31. Qg3 a5 32. h3 Qf4 33. Qd3
Rd8 34. Nd5 Qg5 35. Qe4 Re8 36. h4 Qc1+ 37. Kh2 Nc7 38. Qf3 Nxd5 39. Bxd5 Rf8
40. g3 Qb2 41. a4 Qd4 42. h5 h6 43. Kg2 Qe5 44. Bc4 Qf6 45. Qd5 Qd4 46. Qf3 Qd6
47. Qf5 Kh8 48. Bd3 g6 49. hxg6 fxg6 50. Qxg6 Qxg6 51. Bxg6 Kg7 52. Bd3 Kf6 53.
f4 Rd8 54. Bc4 Rd4 55. Kf3 Rd2 56. g4 Rh2 57. Kg3 Rh1 58. Kg2 Rc1 59. Kf3 Rc3+
60. Kf2 h5 61. gxh5 Rh3 62. h6 Kf5 63. h7 Kxf4 64. Bd3 Ke5 65. Kg2 Rh6 66. Kf3
Kd4 67. Bg6 c4 68. bxc4 Kxc4 69. Kf4 Kb3 70. Kg5 Rh2 71. Bh5 Rg2+ 72. Kh6 Kxa4
73. h8=Q Kb4 74. Qb8+ Kc5 75. Qa7+ Kb4 76. Qb7+ 1-0

[Event "Benidorm 2013 - Torneo sub2000"]
[Site "Benidorm ESP"]
[Date "2013.11.30"]
[Round "2.8"]
[White "Ingunza Lopez, Txema"]
[Black "Zotes Flecha, Luis"]
[Result "1-0"]
[WhiteElo "1993"]
[BlackElo "1870"]
[PlyCount "59"]
[EventDate "2013.11.29"]
[EventRounds "10"]
[EventCountry "ESP"]
[Source "lmi"]
[SourceDate "2013.11.29"]

1. e4 g6 2. d4 Bg7 3. Nc3 c5 4. Nf3 cxd4 5. Nxd4 d6 6. Be3 Nf6 7. f3 O-O 8. Qd2
Nc6 9. Bc4 a6 10. O-O-O Nxd4 11. Bxd4 b5 12. Bd5 Nxd5 13. Bxg7 Kxg7 14. Nxd5
Be6 15. h4 Bxd5 16. exd5 h5 17. g4 Rh8 18. Qd4+ f6 19. Rhg1 Kf7 20. Qe4 Qg8 21.
Rde1 Ra7 22. g5 f5 23. Qd4 Rc7 24. Re2 Qc8 25. Rge1 Re8 26. Kb1 Rc4 27. Rxe7+
Rxe7 28. Qf6+ Kg8 29. Rxe7 Rc7 30. Qd4 1-0

[Event "Benidorm 2013 - Torneo sub2000"]
[Site "Benidorm ESP"]
[Date "2013.11.30"]
[Round "2.9"]
[White "Ayza Casamitjana, Antoni"]
[Black "Roca Cruz, Rafael"]
[Result "1-0"]
[WhiteElo "1869"]
[BlackElo "1988"]
[PlyCount "67"]
[EventDate "2013.11.29"]
[EventRounds "10"]
[EventCountry "ESP"]
[Source "lmi"]
[SourceDate "2013.11.29"]

1. e4 c6 2. Nc3 d6 3. d4 Qc7 4. d5 e5 5. f4 Nf6 6. Nf3 Bg4 7. h3 Bxf3 8. Qxf3
Nbd7 9. Be3 Be7 10. O-O-O a6 11. g4 cxd5 12. exd5 O-O-O 13. g5 Ne8 14. h4 Kb8
15. Bh3 f6 16. Qe4 g6 17. Qb4 f5 18. Na4 Rc8 19. Rh2 Qc4 20. Qa3 exf4 21. Rd4
Qc7 22. Rxf4 Ne5 23. Nb6 Rd8 24. Rd2 Ng7 25. Bf1 Nh5 26. Ra4 f4 27. Bf2 Ng3 28.
Bxa6 Ne4 29. Rxe4 bxa6 30. Ra4 Qb7 31. Rxa6 Rhe8 32. Ra4 Rh8 33. Ra6 Qc7 34.
Ra8+ 1-0

[Event "Benidorm 2013 - Torneo sub2000"]
[Site "Benidorm ESP"]
[Date "2013.11.30"]
[Round "2.10"]
[White "Rodriguez Marcos, Jose R"]
[Black "Soria Martinez, Sergio"]
[Result "1-0"]
[WhiteElo "1985"]
[BlackElo "1867"]
[PlyCount "99"]
[EventDate "2013.11.29"]
[EventRounds "10"]
[EventCountry "ESP"]
[Source "lmi"]
[SourceDate "2013.11.29"]

1. d4 d5 2. c4 e6 3. Nc3 Nf6 4. Nf3 Be7 5. e3 b6 6. Bd3 O-O 7. O-O Bb7 8. Qc2
dxc4 9. Bxc4 Bxf3 10. gxf3 c6 11. Rd1 Nbd7 12. e4 b5 13. Bd3 h6 14. Kh1 Kh8 15.
Rg1 e5 16. Ne2 exd4 17. Bxh6 gxh6 18. Qd2 Ng4 19. Rxg4 Bg5 20. f4 Ne5 21. Rg3
Nxd3 22. Qxd3 Bh4 23. Rg2 c5 24. Qxb5 d3 25. Nc3 Qd4 26. Qc6 Kh7 27. Qd5 Qxd5
28. Nxd5 Rab8 29. f3 c4 30. Rc1 Rfc8 31. f5 Rb5 32. Nc3 Ra5 33. f4 Rb8 34. Rcg1
Kh8 35. e5 Rc5 36. f6 Rcc8 37. Rc1 Rd8 38. Ne4 Rd4 39. Nd6 Rxd6 40. exd6 Bxf6
41. Rxc4 Rd8 42. Rc6 Bd4 43. Rd2 Rg8 44. h4 Rd8 45. Rxd3 Bxb2 46. d7 Kh7 47.
Rc8 Bf6 48. Rxd8 Bxd8 49. Rc3 Bxh4 50. Rc8 1-0

[Event "Benidorm 2013 - Torneo sub2000"]
[Site "Benidorm ESP"]
[Date "2013.11.30"]
[Round "2.11"]
[White "Valarezzo Ricard, Pedro"]
[Black "Suarez Cerezo, Ismael"]
[Result "1-0"]
[WhiteElo "1867"]
[BlackElo "1985"]
[PlyCount "117"]
[EventDate "2013.11.29"]
[EventRounds "10"]
[EventCountry "ESP"]
[Source "lmi"]
[SourceDate "2013.11.29"]

1. d4 d5 2. Bf4 Nf6 3. e3 e6 4. Nd2 Bd6 5. Bg3 O-O 6. Bd3 c5 7. c3 Nc6 8. f4 b6
9. Bh4 Be7 10. Ngf3 h6 11. Ne5 Bb7 12. Qf3 Ne4 13. Bxe7 Nxd2 14. Kxd2 Qxe7 15.
Qh5 Nxe5 16. fxe5 Qg5 17. Qe2 cxd4 18. cxd4 Rac8 19. Rac1 Qe7 20. a3 Qd7 21.
Rxc8 Rxc8 22. Rc1 Qa4 23. Rxc8+ Bxc8 24. Kc1 Bd7 25. Kb1 Qb3 26. Qd2 Bb5 27.
Bc2 Qc4 28. Qc3 Qxc3 29. bxc3 Kf8 30. Kb2 Ke7 31. e4 Bc4 32. exd5 Bxd5 33. g3
f5 34. Bd3 g5 35. c4 Bc6 36. Kc3 Kf7 37. Kd2 h5 38. Ke3 Bb7 39. Be2 h4 40. Bf3
Ba6 41. Be2 hxg3 42. hxg3 Bb7 43. Bf3 Ba6 44. Kd3 Ke7 45. Bc6 Bc8 46. d5 exd5
47. cxd5 Bd7 48. Bb7 a5 49. Kd4 Ba4 50. d6+ Kd7 51. Ba6 Bc6 52. Bc4 b5 53. Bb3
f4 54. gxf4 gxf4 55. Kc5 Be4 56. e6+ Ke8 57. Kxb5 f3 58. Kxa5 f2 59. Ba4+ 1-0

[Event "Benidorm 2013 - Torneo sub2000"]
[Site "Benidorm ESP"]
[Date "2013.11.30"]
[Round "2.12"]
[White "Garcia Sanchez, Jose Manuel"]
[Black "Penarrubia Blasco, Jose Alfred"]
[Result "1-0"]
[WhiteElo "1864"]
[BlackElo "1982"]
[PlyCount "107"]
[EventDate "2013.11.29"]
[EventRounds "10"]
[EventCountry "ESP"]
[Source "lmi"]
[SourceDate "2013.11.29"]

1. e4 e5 2. d4 exd4 3. f4 Nc6 4. Nf3 Bb4+ 5. Bd2 Qe7 6. Bd3 d5 7. e5 Nf6 8. O-O
Ne4 9. Qe2 Bc5 10. a3 a5 11. Be1 Bg4 12. Kh1 O-O 13. Nbd2 Nxd2 14. Qxd2 Qd7 15.
Bh4 Ne7 16. Rae1 Nf5 17. Bxf5 Bxf5 18. Bf2 Be4 19. Bxd4 Bxd4 20. Nxd4 c5 21.
Nb3 Qc7 22. Qc3 b6 23. Nd2 d4 24. Qc4 Bb7 25. Rf2 Ba6 26. Qd5 Rad8 27. Qf3 f5
28. c4 dxc3 29. Qxc3 Rd3 30. Qc2 c4 31. Rf3 Rxf3 32. Nxf3 Bc8 33. Nd4 Qc5 34.
Nf3 b5 35. Rd1 Qe3 36. Qd2 Qxd2 37. Rxd2 b4 38. axb4 axb4 39. Rd4 Be6 40. Rd6
c3 41. bxc3 bxc3 42. Rxe6 Rc8 43. Ne1 Rb8 44. Kg1 Rb1 45. Kf2 Rb2+ 46. Kg1 c2
47. Nxc2 Rxc2 48. Rd6 Kf7 49. Re6 Re2 50. Rd6 h5 51. g3 g6 52. h4 Rb2 53. Kf1
Kg7 54. Rf6 1-0

[Event "Benidorm 2013 - Torneo sub2000"]
[Site "Benidorm ESP"]
[Date "2013.11.30"]
[Round "2.13"]
[White "Blesa Fernandez, Francisco"]
[Black "Salgado Gonzalez, Julio"]
[Result "1-0"]
[WhiteElo "1978"]
[BlackElo "1864"]
[PlyCount "104"]
[EventDate "2013.11.29"]
[EventRounds "10"]
[EventCountry "ESP"]
[Source "lmi"]
[SourceDate "2013.11.29"]

1. d4 d5 2. c4 dxc4 3. Nf3 a6 4. e3 Bg4 5. Bxc4 e6 6. O-O Nf6 7. Nc3 Nbd7 8.
Be2 Be7 9. e4 c6 10. Re1 O-O 11. h3 Bh5 12. d5 exd5 13. exd5 cxd5 14. Nxd5 Bc5
15. b4 Ba7 16. Bb2 Re8 17. Nf4 Bxf3 18. Bxf3 Qb6 19. Qd2 Rad8 20. Rxe8+ Rxe8
21. Rd1 g5 22. Nd5 Nxd5 23. Qxg5+ Qg6 24. Qxd5 Nf8 25. Bh5 Qe6 26. Qxe6 Rxe6
27. Kf1 Rc6 28. Bd4 Bxd4 29. Rxd4 Rc2 30. a4 Ra2 31. a5 Rb2 32. Bf3 Ne6 33.
Rg4+ Kf8 34. Bxb7 f5 35. Rc4 Rb1+ 36. Ke2 Rb2+ 37. Ke1 Rb1+ 38. Kd2 Rb2+ 39.
Kc3 Rxf2 40. Bd5 Ke7 41. Bxe6 Kxe6 42. Rc6+ Ke5 43. Rxa6 Rxg2 44. Rh6 f4 45.
Rxh7 Rg3+ 46. Kc4 f3 47. a6 Rg8 48. Rf7 Ke4 49. b5 Rc8+ 50. Kb4 Rc1 51. a7 Ra1
52. b6 Kd5 1-0

[Event "Benidorm 2013 - Torneo sub2000"]
[Site "Benidorm ESP"]
[Date "2013.11.30"]
[Round "2.15"]
[White "Vicente Montes, Luis Miguel"]
[Black "Campos Cayuelas, Adria"]
[Result "0-1"]
[WhiteElo "1863"]
[BlackElo "1973"]
[PlyCount "114"]
[EventDate "2013.11.29"]
[EventRounds "10"]
[EventCountry "ESP"]
[Source "lmi"]
[SourceDate "2013.11.29"]

1. d4 d5 2. e3 Nf6 3. Bd3 Nbd7 4. f4 g6 5. Nf3 Bg7 6. O-O O-O 7. Nbd2 c5 8. c3
b6 9. Ne5 Bb7 10. Qe2 Ne4 11. Nxe4 dxe4 12. Bc2 Nf6 13. Rd1 Qc7 14. Bd2 Rfd8
15. Bb3 e6 16. Be1 Nd5 17. Bh4 f6 18. Ng4 Kf7 19. Nf2 Ne7 20. g4 Bd5 21. c4 Bc6
22. Bg3 f5 23. dxc5 bxc5 24. Bh4 a5 25. Bxe7 Kxe7 26. gxf5 exf5 27. Rab1 Rab8
28. Rxd8 Qxd8 29. Qd1 Qh8 30. Qc2 h6 31. Nd1 g5 32. Ba4 Ba8 33. Nc3 gxf4 34.
Nd5+ Kf7 35. Nxf4 Be5 36. Qd1 Bxf4 37. Qd7+ Kf6 38. exf4 Rd8 39. Qc7 Qg7+ 40.
Qxg7+ Kxg7 41. Rd1 Rd4 42. Rxd4 cxd4 43. Kf2 Kf6 44. Bd7 e3+ 45. Ke2 Be4 46. c5
Ke7 47. c6 Kd6 48. b3 Bxc6 49. Bxf5 Bb5+ 50. Bd3 Bxd3+ 51. Kxd3 Ke6 52. a3 Kf5
53. a4 Kxf4 54. b4 axb4 55. a5 b3 56. a6 b2 57. Kc2 e2 0-1

[Event "Benidorm 2013 - Torneo sub2000"]
[Site "Benidorm ESP"]
[Date "2013.11.30"]
[Round "2.19"]
[White "Poggiolini, Alessandro"]
[Black "Llamazares Lopez, Carlos"]
[Result "1-0"]
[WhiteElo "1971"]
[BlackElo "1855"]
[PlyCount "63"]
[EventDate "2013.11.29"]
[EventRounds "10"]
[EventCountry "ESP"]
[Source "lmi"]
[SourceDate "2013.11.29"]

1. e4 e5 2. Nf3 Nc6 3. Nc3 Nf6 4. d4 exd4 5. Nxd4 Bb4 6. Nxc6 bxc6 7. Bd3 Qe7
8. O-O O-O 9. Re1 Bxc3 10. bxc3 d6 11. Bf4 Bg4 12. Qd2 Nh5 13. Bg5 f6 14. Be3
g5 15. Reb1 Ng7 16. Rb7 Bc8 17. Rb3 Be6 18. c4 h5 19. f4 g4 20. Qa5 h4 21. Rb7
Rfc8 22. Rxa7 Rxa7 23. Qxa7 g3 24. h3 f5 25. e5 dxe5 26. fxe5 Qb4 27. Rd1 Bxc4
28. Qd4 f4 29. Bxc4+ Kh8 30. Qxf4 Nf5 31. Qxf5 Rf8 32. Qh5+ 1-0

[Event "Benidorm 2013 - Torneo sub2000"]
[Site "Benidorm ESP"]
[Date "2013.11.30"]
[Round "2.22"]
[White "Kopischke, Maik"]
[Black "Touchefeu, Aurelien"]
[Result "1/2-1/2"]
[WhiteElo "1853"]
[BlackElo "1968"]
[PlyCount "35"]
[EventDate "2013.11.29"]
[EventRounds "10"]
[EventCountry "ESP"]
[Source "lmi"]
[SourceDate "2013.11.29"]

1. d4 e5 2. dxe5 f6 3. exf6 Nxf6 4. Nf3 Bc5 5. e3 d5 6. Nbd2 O-O 7. Be2 Qe7 8.
Nb3 Bd6 9. c4 c6 10. cxd5 cxd5 11. Bd2 Nc6 12. Bc3 Be6 13. Nbd4 Ne4 14. O-O
Rad8 15. Rc1 Bg4 16. Nxc6 bxc6 17. Nd4 Bxe2 18. Qxe2 1/2-1/2

[Event "Benidorm 2013 - Torneo sub2000"]
[Site "Benidorm ESP"]
[Date "2013.11.30"]
[Round "2.24"]
[White "Marti Blanes, Jose Manuel"]
[Black "Arnot, Bob"]
[Result "1-0"]
[WhiteElo "1962"]
[BlackElo "1842"]
[PlyCount "75"]
[EventDate "2013.11.29"]
[EventRounds "10"]
[EventCountry "ESP"]
[Source "lmi"]
[SourceDate "2013.11.29"]

1. d4 Nf6 2. c4 g6 3. Nc3 Bg7 4. e4 d6 5. f3 c6 6. Nge2 a6 7. a4 a5 8. Bg5 Na6
9. Qd2 Nb4 10. Ng3 h6 11. Be3 Qc7 12. Be2 Bd7 13. O-O h5 14. d5 h4 15. Nh1 h3
16. g3 O-O-O 17. Nb5 cxb5 18. cxb5 Kb8 19. Rac1 Bc6 20. bxc6 bxc6 21. dxc6 Rc8
22. Bb5 Nh5 23. Qf2 Ka8 24. Bb6 Qb8 25. Bxa5 Nxg3 26. Nxg3 Bxb2 27. Bxb4 Bxc1
28. Rxc1 Qa7 29. Qxa7+ Kxa7 30. Ba5 f5 31. c7 f4 32. Ne2 Kb7 33. Bd7 Rh5 34.
Bxc8+ Kxc8 35. Bb4 Rg5+ 36. Kh1 Rg2 37. Nxf4 Rf2 38. Nd5 1-0

[Event "Benidorm 2013 - Torneo sub2000"]
[Site "Benidorm ESP"]
[Date "2013.11.30"]
[Round "2.25"]
[White "Saber, Salah"]
[Black "Stoyanov, Svetlomir"]
[Result "0-1"]
[WhiteElo "1842"]
[BlackElo "1962"]
[PlyCount "38"]
[EventDate "2013.11.29"]
[EventRounds "10"]
[EventCountry "ESP"]
[Source "lmi"]
[SourceDate "2013.11.29"]

1. e4 c6 2. d4 d5 3. e5 Na6 4. Nf3 g6 5. c3 Nc7 6. Bd3 h5 7. h3 Nh6 8. Bg5 Bf5
9. O-O Qd7 10. Nh4 Bxd3 11. Qxd3 Nf5 12. Nxf5 gxf5 13. Nd2 Ne6 14. Qxf5 Nxg5
15. Qxg5 Bh6 16. Qxh5 O-O-O 17. Qe2 Bxd2 18. Qxd2 Rdg8 19. f4 Qxh3 0-1

[Event "Benidorm 2013 - Torneo sub2000"]
[Site "Benidorm ESP"]
[Date "2013.11.30"]
[Round "2.30"]
[White "Todic, Simo"]
[Black "Busto Prendes, Abel"]
[Result "0-1"]
[WhiteElo "1833"]
[BlackElo "1954"]
[PlyCount "56"]
[EventDate "2013.11.29"]
[EventRounds "10"]
[EventCountry "ESP"]
[Source "lmi"]
[SourceDate "2013.11.29"]

1. e4 e6 2. d4 d5 3. Nc3 Bb4 4. e5 c5 5. a3 Bxc3+ 6. bxc3 Ne7 7. Bg5 Qa5 8. Qd2
Nbc6 9. Nf3 Nf5 10. g4 Nfe7 11. Be2 Bd7 12. O-O O-O-O 13. Rfb1 Qc7 14. Bb5 h5
15. Bxc6 Bxc6 16. h3 Rdf8 17. a4 Ng6 18. Qe3 hxg4 19. hxg4 f6 20. Bf4 Nxf4 21.
Qxf4 fxe5 22. Qe3 Rh3 23. Kg2 Rfxf3 24. Qxf3 Rxf3 25. Kxf3 cxd4 26. Rh1 dxc3
27. Rh8+ Kd7 28. Rh5 Kd6 0-1